Paradise lost book IX (Record no. 4187)

MARC details
000 -LEADER
fixed length control field 00469cam a2200193ua 4500
001 - CONTROL NUMBER
control field 5007
005 - DATE AND TIME OF LATEST TRANSACTION
control field 20260515113825.0
008 - FIXED-LENGTH DATA ELEMENTS--GENERAL INFORMATION
fixed length control field 120229n ii |||gr||||Z||||||eng
040 ## - CATALOGING SOURCE
Transcribing agency MAIN
082 ## - DEWEY DECIMAL CLASSIFICATION NUMBER
Classification number 821
100 ## - MAIN ENTRY--PERSONAL NAME
Personal name Milton, John,
Relator term Author,
245 11 - TITLE STATEMENT
Title Paradise lost book IX
Statement of responsibility, etc. by John Milton
250 ## - EDITION STATEMENT
Edition statement 1st.
260 ## - PUBLICATION, DISTRIBUTION, ETC.
Place of publication, distribution, etc. Agra:
Name of publisher, distributor, etc. Lakshmi Narain agarwal.
300 ## - PHYSICAL DESCRIPTION
Extent 273p:
Dimensions 23cm.
653 ## - INDEX TERM--UNCONTROLLED
Uncontrolled term English poetry
700 1# - ADDED ENTRY--PERSONAL NAME
Personal name Jain, B. B.,
Relator term Editor,
942 ## - ADDED ENTRY ELEMENTS (KOHA)
Koha item type Books
Holdings
Withdrawn status Lost status Damaged status Not for loan Home library Current library Shelving location Date acquired Total checkouts Full call number Barcode Date last seen Copy number Price effective from Koha item type
        Naharkatiya College Library Naharkatiya College Library General stacks 09/19/2020   821 | MIL 4713 09/19/2020 2 09/19/2020 Books
        Naharkatiya College Library Naharkatiya College Library General stacks 09/19/2020   821 | MIL 4714 09/19/2020 1 09/19/2020 Books